000 00219nam a22001097a 4500
041 _aeng
080 _a80
100 _aMcGeveran, William A.
245 _aThe World Almanac 2002.
650 _aReference
999 _c281159
_d281159
942 _cBK